00537cam a22001457a 4500008004000000082001500040245012700055260002700182300001000209650005100219650004400270650002700314650003100341700001900372180718b1997 xxu||||| |||| 00| 0 eng d aY4x54 R448 aFire in the heart firewood on the back ( writings on and himalayan crusader Sunder Lal Bahughuna)cedited by Tinzin Rigzin aTehribparvatiyac1997 a204p. aChipko movement -- India -- Uttar Khand Region aEnvironmentalists -- India -- Biography aBahuguna, Vimla, 1931- aBahuguna, Sunderlal, 1927- aRigzin, Tinzin